Catalog

Record Details

Catalog Search



Available copies

  • 1 of 1 copy available at LARL/NWRL Consortium.
  • 1 of 1 copy available at Lake Agassiz Regional Library. (Show preferred library)

Current holds

0 current holds with 1 total copy.

Show Only Available Copies
Location Call Number / Copy Notes Barcode Shelving Location Status Due Date
Moorhead Public Library PRO (Text) 33500010877272 Main Available -

Record details

  • ISBN: 9781476725314 (mass market : alk. paper)
  • ISBN: 1476725314 (mass market : alk. paper)
  • ISBN: 9781476717517 (pbk. : alk. paper)
  • ISBN: 1476717516 (pbk. : alk. paper)
  • Physical Description: 288 p. ; 21 cm.
  • Edition: 1st Gallery Books trade pbk. ed.
  • Publisher: New York : Gallery Books, 2012.
Subject: Women photographers > Fiction.
Americans > Italy > Fiction.
Billionaires > Fiction.
Marriage > Fiction.
Genre: Love stories.
LDR 01512cam a22004338a 4500
001146514
003LARL_NWRL_CONSORTIUM
00520121031130802.0
008121009s2012 nyu 000 f eng
020 . ‡a9781476725314 (mass market : alk. paper)
020 . ‡a1476725314 (mass market : alk. paper)
020 . ‡a9781476717517 (pbk. : alk. paper)
020 . ‡a1476717516 (pbk. : alk. paper)
020 . ‡z9781476717548 (ebook)
020 . ‡z1476717540 (ebook)
035 . ‡a(OCoLC)812531133
043 . ‡ae-it---
08200. ‡a813/.6 ‡223
1001 . ‡aProbst, Jennifer.
24514. ‡aThe marriage trap ‡n#2 / ‡cJennifer Probst.
250 . ‡a1st Gallery Books trade pbk. ed.
260 . ‡aNew York : ‡bGallery Books, ‡c2012.
300 . ‡a288 p. ; ‡c21 cm.
4900 . ‡aMarriage to a billionaire ; ‡v2
650 0. ‡aWomen photographers ‡vFiction. ‡0(LARL_NWRL_CONSORTIUM)167909
650 0. ‡aAmericans ‡zItaly ‡vFiction. ‡0(LARL_NWRL_CONSORTIUM)163327
650 0. ‡aBillionaires ‡vFiction. ‡0(LARL_NWRL_CONSORTIUM)163697
650 0. ‡aMarriage ‡vFiction. ‡0(LARL_NWRL_CONSORTIUM)166003
655 7. ‡aLove stories. ‡2gsafd
901 . ‡a146514 ‡bOCLC ‡c146514 ‡tbiblio

Additional Resources